Capitals Without the Letters of “Beirut” - Statistics

General Stats
  • This quiz has been taken 5 times
  • The average score is 4 of 13
Answer Stats
Continents Capitals % Correct
Europe London
80%
Asia Amman
60%
North America Havana
60%
Europe Oslo
60%
Asia Sanaa
40%
Asia Doha
20%
Africa Kampala
20%
Asia Manama
20%
Europe Monaco
20%
Europe Moscow
20%
Asia Pyongyang
20%
Asia Dhaka
0%
Africa Dodoma
0%
No matching quizzes found
Score Distribution
Percent of People with Each Score
Percentile by Number Answered
Your Score History
You have not taken this quiz